Statistics for All 100k+ Cities in Western Europe

Click here to take the quiz!

General Stats

  • This quiz has been taken 156 times
    (154 since last reset)
  • The average score is 201 of 435

Answer Stats

CountryPopulationCity% Correct
3,669,491Berlin
98%
8,992,166London
98%
3,266,126Madrid
98%
763,380Frankfurt
97%
1,847,253Hamburg
97%
1,396,059Milan
97%
2,837,332Rome
97%
1,911,191Vienna
97%
872,757Amsterdam
96%
1,636,762Barcelona
96%
2,187,526Paris
96%
651,157Rotterdam
96%
1,087,863Cologne
95%
557,344Manchester
95%
1,484,226Munich
95%
962,589Naples
95%
693,494Oslo
95%
974,073Stockholm
95%
794,288València
95%
1,159,114Birmingham
94%
552,700Lisbon
94%
863,310Marseille
94%
632,340Copenhagen
93%
653,835Helsinki
93%
583,132Liverpool
93%
516,092Lyon
93%
420,097Zürich
93%
553,165Dublin
92%
623,260Glasgow
92%
870,952Turin
91%
529,247Antwerp
90%
664,046Athens
90%
134,542Bern
90%
185,103Brussels
90%
498,050Edinburgh
90%
237,591Porto
90%
545,838The Hague
90%
259,150Venice
90%
621,877Düsseldorf
89%
574,090Genoa
89%
507,720Leeds
89%
340,017Nice
89%
657,960Palermo
89%
336,610Belfast
88%
283,929Bergen
88%
635,911Stuttgart
88%
390,625Bologna
87%
351,884Cardiff
87%
582,760Essen
87%
372,038Florence
87%
203,909Geneva
87%
254,436Bordeaux
86%
579,281Gothenburg
86%
344,166Malmö
86%
567,559Bremen
85%
556,780Dresden
85%
479,553Toulouse
85%
518,370Nuremberg
84%
674,997Zaragoza
84%
173,183Basel
83%
346,843Bilbao
83%
536,925Hanover
83%
593,145Leipzig
83%
309,346Nantes
83%
549,362Sheffield
83%
576,813Bristol
82%
232,787Lille
82%
574,654Málaga
82%
285,491Newcastle
82%
155,021Salzburg
82%
325,182Thessaloniki
82%
322,316Bari
81%
588,250Dortmund
81%
291,072Graz
81%
269,781Southampton
81%
357,597Utrecht
81%
349,983Aarhus
80%
198,000Aberdeen
80%
125,622Cork
79%
313,778Nottingham
79%
280,966Strasbourg
79%
329,673Bonn
75%
197,217Liège
75%
416,065Palma de Mallorca
75%
310,658Mannheim
74%
334,887Alicante
73%
246,794Kiel
73%
163,938Oxford
73%
473,216Leicester
72%
163,571York
72%
149,643Cambridge
71%
232,462Granada
71%
206,595Linz
71%
688,592Sevilla
71%
185,166Swansea
71%
248,960Aachen
70%
131,961Innsbruck
70%
453,258Murcia
70%
240,962Plymouth
70%
203,234Trieste
69%
205,163Trondheim
69%
285,121Montpellier
68%
238,140Tampere
68%
148,600Dundee
67%
234,394Eindhoven
67%
139,344Lausanne
67%
216,815Rennes
67%
259,608Verona
67%
244,329Brighton and Hove
66%
153,231Cagliari
66%
205,489Oulu
66%
325,701Córdoba
65%
192,962Turku
65%
334,195Bielefeld
64%
140,064Brest
64%
375,873Coventry
64%
315,293Münster
64%
249,048Portsmouth
64%
217,075Aalborg
63%
245,711A Coruña
63%
296,582Augsburg
63%
103,361Bath
63%
202,746Charleroi
63%
289,731Espoo
63%
180,374Saarbrücken
63%
143,574Stavanger
63%
230,767Uppsala
63%
363,604Bradford
62%
156,920Dijon
62%
170,147Le Havre
62%
197,013Norwich
62%
201,653Pamplona
62%
277,528Stoke-on-Trent
62%
498,686Duisburg
61%
379,925Las Palmas
61%
229,837Northampton
61%
212,395Padua
61%
222,776Reykjavík
61%
198,296Bournemouth
60%
158,454Grenoble
60%
232,874Groningen
60%
173,993Heraklion
60%
198,292Parma
60%
295,364Vigo
60%
171,953Toulon
59%
298,412Valladolid
59%
145,446Blackpool
58%
312,060Karlsruhe
58%
218,578Mainz
58%
204,895Odense
58%
209,191Rostock
58%
180,334Potsdam
57%
182,460Reims
57%
124,856Exeter
56%
231,195Freiburg
56%
149,293Ipswich
56%
216,530Lübeck
56%
230,046Reading
56%
238,762Halle / Salle
55%
121,575Maastricht
54%
122,273Luxembourg City
53%
116,429Metz
53%
116,685Orléans
53%
135,787Tours
53%
187,415Donostia
52%
288,651Hull
52%
110,145Rouen
52%
219,992Wolverhampton
52%
264,253Derby
51%
271,780Gijón
51%
161,485Heidelberg
50%
152,960Angers
49%
229,565Messina
49%
116,027Cádiz
48%
237,565Magdeburg
48%
104,286Nancy
48%
134,920Newport
48%
177,683Peterborough
48%
172,539Santander
48%
184,437Southend-on-Sea
48%
195,227Taranto
48%
134,515Tarragona
48%
126,790Ulm
48%
355,100Wuppertal
48%
141,081Jönköping
47%
222,457Luton
47%
251,774Vitoria-Gasteiz
47%
162,902Haarlem
46%
186,830Modena
46%
175,021Sunderland
46%
192,599Swindon
46%
103,355Worcester
46%
113,643Bremerhaven
45%
264,923L'Hospitalet de Llobregat
45%
163,051Linköping
45%
177,012Middlesbrough
45%
213,984Patras
45%
161,348Arnhem
44%
120,065Blackburn
44%
365,587Bochum
44%
136,885Braga
44%
199,579Brescia
44%
105,354Caen
44%
105,842Coimbra
44%
232,517Elche
44%
263,927Gent
44%
157,024Livorno
44%
153,094Regensburg
44%
144,228Salamanca
44%
120,405Syracuse
44%
278,474Wiesbaden
44%
124,371Wolfsburg
44%
143,886Clermont-Ferrand
43%
142,946Le Mans
43%
132,175Limoges
43%
147,357Gloucester
42%
172,565Saint-Étienne
42%
143,171Norrköping
41%
121,781Bergamo
40%
203,389Bolton
40%
136,268Colchester
40%
259,645Gelsenkirchen
40%
101,852Girona
40%
147,734Helsingborg
40%
111,343Jena
40%
124,303León
40%
261,034Mönchengladbach
40%
154,049Västerås
40%
118,656Brugge
39%
213,981Erfurt
39%
143,386Marbella
39%
169,077Oldenburg
39%
246,334Chemnitz
38%
171,506Huddersfield
38%
137,392Ingolstadt
38%
198,533Almería
37%
220,440Badalona
37%
184,069Breda
37%
111,541Funchal
37%
183,374Getafe
37%
212,749Jerez de la Frontera
37%
202,137Kassel
37%
119,823Lahti
37%
162,591Larissa
37%
106,047Lincoln
37%
184,355Milton Keynes
37%
155,696Örebro
37%
219,789Tilburg
37%
111,633Kristiansand
36%
118,902Trento
36%
128,901Umeå
36%
127,934Würzburg
36%
117,592Chelmsford
35%
159,640Enschede
35%
158,058Ravenna
35%
151,200Rimini
35%
137,913Sale
35%
111,528Trier
35%
142,482Aix-en-Provence
34%
134,057Amiens
34%
115,754Doncaster
34%
179,916Hamm
34%
101,300Klagenfurt
34%
178,760Reggio Calabria
34%
233,775Vantaa
34%
249,406Brunswick
33%
114,052Koblenz
33%
163,729Leverkusen
33%
177,659Nijmegen
33%
150,610Nîmes
33%
165,251Osnabrück
33%
120,158Perpignan
33%
119,800Pescara
33%
141,428Watford
33%
211,893Almere
32%
129,133Latina
32%
219,686Oviedo
32%
107,076Wigan
32%
175,821Burgos
31%
111,432Namur
31%
166,969Perugia
31%
150,702Badajoz
30%
111,135Saint-Denis
30%
164,455Slough
30%
100,282Ancona
29%
107,407Bolzano
29%
214,802Cartagena
29%
159,878Darmstadt
29%
149,904Foggia
29%
142,400Jyväskylä
29%
109,443Mulhouse
29%
151,633Paderborn
29%
159,108Poole
29%
132,702Salerno
29%
143,663Huelva
28%
124,935Lund
28%
210,764Oberhausen
28%
104,315Piacenza
28%
113,918Eastbourne
27%
115,483Esbjerg
27%
172,253Ludwigshafen
27%
172,192Warrington
27%
115,934Besançon
26%
125,099Leiden
26%
194,913Prato
26%
172,124Reggio Emilia
26%
109,436Alkmaar
25%
117,836Cheltenham
25%
119,284Dordrecht
25%
101,386Drammen
25%
132,195Ferrara
25%
188,686Hagen
25%
227,417Krefeld
25%
119,282Kuopio
25%
153,896Neuss
25%
163,688Piraeus
25%
111,097Rotherham
25%
118,894Salford
25%
106,325Wakefield
25%
128,840Zwolle
25%
173,329Albacete
24%
157,276Amersfoort
24%
126,592Heilbronn
24%
102,275Leuven
24%
207,312Santa Cruz de Tenerife
24%
163,818Apeldoorn
23%
128,497Fürth
23%
102,418Gävle
23%
156,449Herne
23%
151,136Logroño
23%
126,218Sassari
23%
150,811Telford
23%
111,764Vicenza
23%
170,514Alcorcón
22%
112,529Crawley
22%
112,999Jaén
22%
124,084Leeuwarden
22%
138,956Lleida
22%
105,233Ourense
22%
126,924Annecy
21%
145,039Birkenhead
21%
112,528Erlangen
21%
118,911Göttingen
21%
130,280Offenbach
21%
213,644Sabadell
21%
159,245Solingen
21%
220,556Terrassa
21%
186,502Vila Nova de Gaia
21%
147,712Villeurbanne
21%
113,149Winterthur
21%
114,170Basingstoke
20%
111,846Bergisch Gladbach
20%
100,030Kaiserslautern
20%
124,051Monza
20%
103,985Novara
20%
110,530Terni
20%
117,565Bottrop
19%
170,632Mülheim
19%
107,033Oldham
19%
125,957Pforzheim
19%
195,649Alcalá de Henares
18%
175,136Amadora
18%
120,887Anderlecht
18%
193,700Fuenlabrada
18%
111,397Recklinghausen
18%
102,770Siegen
18%
101,802Venlo
18%
110,210Argenteuil
17%
113,179Borås
17%
103,595Delft
17%
133,968Dos Hermanas
17%
118,000Forlì
17%
108,621Gillingham
17%
101,693Hildesheim
17%
189,861Leganés
17%
118,899Maidstone
17%
115,865Reutlingen
17%
115,490Rhodes
17%
144,449Volos
17%
156,794Zaanstad
17%
155,111Den Bosch
16%
107,849Woking
16%
114,662Worthing
16%
106,859Eskilstuna
15%
102,767Halmstad
15%
123,987High Wycombe
15%
104,373Reus
15%
112,816Rochdale
15%
104,291Salzgitter
15%
115,748Vejle
15%
117,040Alcobendas
14%
107,048Emmen
14%
128,265Mataró
14%
103,902Moers
14%
209,184Móstoles
14%
111,338Remscheid
14%
104,951St Helens
14%
110,562Stockport
14%
121,957Algeciras
13%
116,573Basildon
13%
120,071Boulogne-Billancourt
13%
108,642Chania
13%
100,719Deventer
13%
117,165Ede
13%
122,403Gateshead
13%
125,058Giugliano in Campania
13%
112,486Ioannina
13%
109,897Montreuil
13%
127,351Solihull
13%
125,285Zoetermeer
13%
102,071Corfu
12%
100,861Gütersloh
12%
131,376Torrejón de Ardoz
12%
127,731Bærum
10%
132,799Schaerbeek
10%
100,881Barakaldo
9%
100,641Kallithea
9%
130,124Parla
9%
139,981Peristeri
9%
119,215Santa Coloma
9%
102,364Hemel Hempstead
8%
107,732Sutton Coldfield
8%
156,002Haarlemmermeer
6%
111,897Alphen aan
den Rijn
5%
171,728Castellón de la Plana
5%
157,503La Laguna
5%
102,647Telde
5%
102,223Chalcis
4%
105,430Nikaia
4%
106,943Acharnae
3%
101,753Evosmos
3%
105,189Nacka
3%
110,375Westland
3%
104,305Frederiksberg
2%
112,848Huddinge
2%

Score Distribution

Percentile by Number Answered

Percent of People with Each Score

Your Score History

You have not taken this quiz since the last reset